| 000 | 00528nam a2200169Ia 4500 | ||
|---|---|---|---|
| 999 |
_c19001 _d19001 |
||
| 003 | OSt | ||
| 005 | 20201230120338.0 | ||
| 008 | 190216s9999||||xx |||||||||||||| ||und|| | ||
| 040 | _coclc | ||
| 082 |
_a915.4 _bGOV/C |
||
| 100 |
_aGovernment Of India _91019 |
||
| 245 | 0 |
_aContribution Of The South To The Heritage Of India / _cGovernment Of India |
|
| 260 |
_bThe Publications Divisions, _c1961. _aNew Delhi: |
||
| 300 | _a47p | ||
| 650 | _aIndian History | ||
| 942 |
_cBK _2ddc _h915.4 _iGOV/C _k915.4 _mGOV/C |
||